| 000 | 00987nam a2200217Ia 4500 | ||
|---|---|---|---|
| 001 | 2469 | ||
| 003 | GE_BSU | ||
| 008 | 181216s||||||||xx |||||||||||||| ||und|| | ||
| 020 | _a9789941409370 | ||
| 040 | _cGE_BSU | ||
| 080 | _a811.139.1+811.353.1 | ||
| 100 | _aსურგულაძე, ნატალია. | ||
| 245 | _aზოონიმთა და ანიმალურ სომატიზმთა შემცვლი ფრაზეოლგიზმები ფრანგულ და ქართულ ენებში. | ||
| 245 | _c[რედ ციური ახვლედიანი]. | ||
| 260 | _aბათუმი | ||
| 260 | _bშოღარუსთაველის სახ უნ–ტი | ||
| 260 | _c2009 | ||
| 300 | _a151 გვ. | ||
| 653 | _aსომატიზმთა შემცვლი ფრაზეოლგიზმები ფრანგულ და ქართულ ენებში. | ||
| 942 | _cBK | ||
| 999 |
_c36550 _d36550 |
||